Statistics for [路線図付き] 東急電鉄 目黒線 駅名穴埋めクイズ

Click here to take the quiz!

General Stats

  • This quiz has been taken 51 times
  • The average score is 12 of 13

Answers on the Map

Answers color-coded by a green-red scale on the quiz's map according to % correct below.
 

Answer Stats

Answer% Correct
目黒線MG01目黒
97%
目黒線MG06大岡山
97%
目黒線MG08田園調布
97%
目黒線MG09多摩川
95%
目黒線MG11武蔵小杉
95%
目黒線MG13日吉
92%
目黒線MG03武蔵小山
89%
目黒線MG02不動前
87%
目黒線MG05洗足
87%
目黒線MG10新丸子
87%
目黒線MG04西小山
82%
目黒線MG12元住吉
82%
目黒線MG07奥沢
76%

Score Distribution

Percentile by Number Answered

Percent of People with Each Score

Your Score History

You have not taken this quiz